Vista normal
Vista MARC
Entrada Corporate Name
Número de registros utilizados en: 1
001 - CONTROL NUMBER
- control field: 16821
003 - CONTROL NUMBER IDENTIFIER
- control field: DLC
005 - DATE AND TIME OF LATEST TRANSACTION
- control field: 20250227164741.0
008 - FIXED-LENGTH DATA ELEMENTS
- fixed length control field: 020130n| acannaabn |a ana
010 ## - LIBRARY OF CONGRESS CONTROL NUMBER
- LC control number: n 2002025507
040 ## - CATALOGING SOURCE
- Original cataloging agency: DLC
- Language of cataloging: spa
- Transcribing agency: Mx-PuUPA
- Modifying agency: DLC
- Modifying agency: Mx-PuUPA
- Description conventions: rda
110 2# - HEADING--CORPORATE NAME
- Corporate name or jurisdiction name as entry element: BBVA (Firm).,
- Subordinate unit: Fundación
374 ## - OCCUPATION
- Occupation: Autor
377 ## - ASSOCIATED LANGUAGE
- Language code: eng
410 2# - SEE FROM TRACING--CORPORATE NAME
- Corporate name or jurisdiction name as entry element: Fundación BBVA
410 2# - SEE FROM TRACING--CORPORATE NAME
- Corporate name or jurisdiction name as entry element: BBVA Foundation
410 2# - SEE FROM TRACING--CORPORATE NAME
- Corporate name or jurisdiction name as entry element: BBVA (Firm).
- Subordinate unit: Foundation
670 ## - SOURCE DATA FOUND
- Source citation: Sagasta y el liberalismo español, c2000:
- Information found: t.p. (Fundación BBVA)
670 ## - SOURCE DATA FOUND
- Source citation: Exposición Audiovisual : [exhibition], oct. 2000:
- Information found: t.p. (Patrocinada por Fundación BBVA)
670 ## - SOURCE DATA FOUND
- Source citation: Its Web site, Oct. 28, 2005
- Information found: (Fundación BBVA; BBVA Foundation; expresses the corporate social responsibility of the BBVA Group)